书目信息 |
| 题名: |
植物发育生物学
|
|
| 作者: | 白书农 编著 | |
| 分册: | ||
| 出版信息: | 北京 北京大学出版社 2003.09 |
|
| 页数: | 191页 | |
| 开本: | 20cm | |
| 丛书名: | ||
| 单 册: | ||
| 中图分类: | Q945.4 | |
| 科图分类: | ||
| 主题词: | 植物生物学 | |
| 电子资源: | ||
| ISBN: | 7-301-06426-8 | |
| 000 | 00550nam0 2200193 450 | |
| 001 | 0555299936 | |
| 005 | 20050703104905.96 | |
| 010 | @a7-301-06426-8@dCNY 19.90 | |
| 100 | @a20050617d2003 km y0chiy0120 ea | |
| 101 | 0 | @achi |
| 102 | @aCN@b110000 | |
| 200 | 1 | @a植物发育生物学@Azhi wu fa yu sheng wu xue@f白书农编著@Fbai shu nong bian zhu |
| 210 | @a北京@c北京大学出版社@d2003.09 | |
| 215 | @a191页@d20cm | |
| 606 | 0 | @a植物生物学 |
| 690 | @aQ945.4 | |
| 701 | 0 | @a白书农@Abai shu nong@4编著 |
| 801 | 0 | @aCN@bPFT@c20050703 |
| 905 | @a10447@dQ945.4@eB135 | |
| 植物发育生物学/白书农编著.-北京:北京大学出版社,2003.09 |
| 191页;20cm |
| ISBN 7-301-06426-8:CNY 19.90 |
| ● |
| 相关链接 |
|
|
|
正题名:植物发育生物学
索取号:Q945.4/B135
 
预约/预借
| 序号 | 登录号 | 条形码 | 馆藏地/架位号 | 状态 | 备注 |
| 1 | 539094 | 205390940 | 自科库401/401自科库 35排1列4层/ [索取号:Q945.4/B135] | 在馆 | |
| 2 | 539095 | 205390959 | 自科库401/401自科库 35排1列4层/ [索取号:Q945.4/B135] | 在馆 | |
| 3 | 539096 | 205390968 | 自科库401/401自科库 35排1列4层/ [索取号:Q945.4/B135] | 在馆 |